Popularne albumy rap/trap tygodnia 12-18.03 - Statystyki

Ogólne statystyki
  • Ten quiz został rozwiązany 6 razy
  • Średni wynik to 13 z 15
Statystyki odpowiedzi
Wykonawca Data wydania Album % Poprawnych
Taco Hemingway 28 sierpnia 2020 Jarmark
100%
Quebonafide 1 kwietnia 2020 Romantic Psycho
100%
Mata 17 stycznia 2020 100 dni do matury
83%
chillwagon 22 grudnia 2020 Chillwagon 2.0
83%
Białas 5 sierpnia 2020 H8M5
83%
SB Maffija 8 czerwca 2020 Hotel Maffija
83%
Kabe 20 listopada 2020 Mowgli
83%
Bedoes & Lanek 29 listopada 2019 Opowieści z Doliny Smoków
83%
Kizo 23 października 2020 Posejdon
83%
Bedoes & Lanek 15 stycznia 2021 Rewolucja Romantyczna
83%
White 2115 31 sierpnia 2018 Rockstar
83%
White 2115 28 sierpnia 2020 Rockstar: Do Zachodu Słońca
83%
Szpaku 21 stycznia 2021 Różowa Pantera
83%
Żabson 1 lutego 2021 Ziomalski Mixtape
83%
Guzior 4 grudnia 2020 PLEŚŃ
67%
Nie znaleziono quizów pasujących do podanych kryteriów
Rozkład punktacji
Procent ludzi z każdym wynikiem
Percentyl według liczby udzielonych odpowiedzi
Twoja historia wyników
Nie rozwiązałeś tego quizu